000 00477cam a2200193ua 4500
001 3599
005 20260515113714.0
008 111122n ii |||gr||||Z||||||asm
040 _cMAIN
082 _a891.4513
100 1 _aBardoloi, Rajani Kanta,
245 1 1 _aRangili
_cby rajani Kanta Bardoloi
250 _a1st.
260 _aGuwahati:
_bSahitya Prakashan,962.
300 _a192p:5cm.
653 _aAssamese novel
653 _aLokapriya Gopinath Bordoloi
942 _cBK
999 _c3438
_d3438